[Event "EWICC 2019"]
[Site "Antalya"]
[Date "2019.04.22"]
[Round "11.31"]
[White "Ovod, Evgenija"]
[Black "Abdulla, Khayala"]
[Result "1/2-1/2"]
[WhiteElo "2367"]
[BlackElo "2228"]
[Annotator "NA RC"]
[PlyCount "129"]
[EventDate "2019.04.11"]
[EventType "swiss"]
[EventCountry "TUR"]
[SourceTitle "playchess.com"]
[Source "ChessBase"]
[SourceQuality "1"]

1. e4 c6 2. d4 d5 3. exd5 cxd5 4. Bf4 Nc6 5. c3 Nf6 6. Bd3 Bg4 7. Qb3 Qd7 8. Nd2 e6 9. Ngf3 Bd6 10. Bxd6 Qxd6 11. Qxb7 Rb8 12. Qa6 Rb6 13. Qa3 Qxa3 14. bxa3 Ke7 15. O-O Rc8 16. Rab1 Na5 17. Rxb6 axb6 18. Rc1 Bxf3 19. Nxf3 Nc4 20. Bxc4 dxc4 21. Nd2 Nd5 22. g3 b5 23. Kf1 Ra8 24. Nb1 Kd6 25. Ke2 e5 26. dxe5+ Kxe5 27. Re1 Kd6 28. Kd2 Nb6 29. Kc2 Na4 30. f4 Nc5 31. Re5 f6 32. Re3 Nd3 33. f5 Ne5 34. Re4 Kc6 35. Kd2 Kc5 36. Ke3 Ra7 37. h3 Ra8 38. g4 Rd8 39. Ke2 h6 40. Nd2 Ra8 41. Nb1 Ra7 42. Ke3 Rd7 43. Rd4 Re7 44. Re4 Ra7 45. Rd4 Nc6 46. Re4 Ne7 47. Kd2 h5 48. Kc2 hxg4 49. hxg4 Nc6 50. g5 Kd5 51. Re1 Re7 52. gxf6 gxf6 53. Rd1+ Kc5 54. Nd2 Re2 55. Rf1 Ne7 56. Rf3 Re5 57. a4 Nxf5 58. axb5 Kxb5 59. a4+ Kc5 60. Ne4+ Rxe4 61. Rxf5+ Kb6 62. Rxf6+ Ka5 63. Rd6 Kxa4 64. Rd4 Rxd4 65. cxd4 1/2-1/2

[Event "EWICC 2019"]
[Site "Antalya"]
[Date "2019.04.22"]
[Round "11.32"]
[White "Zhukova, Natalia"]
[Black "Kusenkova, Natallia"]
[Result "0-1"]
[WhiteElo "2356"]
[BlackElo "2211"]
[Annotator "NA RC"]
[PlyCount "120"]
[EventDate "2019.04.11"]
[EventType "swiss"]
[EventCountry "TUR"]
[SourceTitle "playchess.com"]
[Source "ChessBase"]
[SourceQuality "1"]

1. c4 e6 2. Nf3 d5 3. g3 Nf6 4. Bg2 Be7 5. O-O O-O 6. b3 d4 7. e3 c5 8. exd4 cxd4 9. Bb2 Nc6 10. Re1 Re8 11. Ne5 Nxe5 12. Rxe5 Nd7 13. Re2 e5 14. d3 Bd6 15. Nd2 Nc5 16. Nf3 Bf5 17. Nh4 Bg4 18. Bf3 Bxf3 19. Nxf3 a5 20. Ba3 f6 21. Bxc5 Bxc5 22. Qf1 Qd7 23. Nd2 Bb4 24. Ne4 f5 25. Ng5 h6 26. Nh3 Ra6 27. f3 Rae6 28. Nf2 g6 29. a3 Bf8 30. Qe1 b6 31. b4 axb4 32. axb4 Qb7 33. Kg2 h5 34. h4 Bh6 35. Nh3 e4 36. Kh2 e3 37. Kg2 Ra8 38. Qb1 Ree8 39. Ng1 f4 40. Qb2 Qd7 41. c5 bxc5 42. bxc5 fxg3 43. Rxa8 Rxa8 44. Rc2 Rc8 45. Ne2 Bg7 46. Nxg3 Qe7 47. Qb6 Kh7 48. Kh3 Rf8 49. Qc6 Rf4 50. Qd6 Qxh4+ 51. Kg2 Qg5 52. Qd7 h4 53. Qh3 Qxg3+ 54. Qxg3 hxg3 55. c6 Rf8 56. f4 Bh6 57. c7 Bxf4 58. c8=Q Rxc8 59. Rxc8 e2 60. Re8 Be3 0-1

[Event "EWICC 2019"]
[Site "Antalya"]
[Date "2019.04.22"]
[Round "11.33"]
[White "Mikadze, Miranda"]
[Black "Protopopova, Anastasiya"]
[Result "1-0"]
[WhiteElo "2266"]
[BlackElo "2308"]
[Annotator "NA"]
[PlyCount "77"]
[EventDate "2019.04.11"]
[EventType "swiss"]
[EventCountry "TUR"]
[SourceTitle "playchess.com"]
[Source "ChessBase"]
[SourceQuality "1"]

1. e4 c6 2. d4 d5 3. e5 Bf5 4. h4 h5 5. Bd3 Bxd3 6. Qxd3 e6 7. Bg5 Qb6 8. Nc3 Ne7 9. Nf3 Nd7 10. O-O Nf5 11. Ne2 Be7 12. Bxe7 Nxe7 13. b3 c5 14. c4 cxd4 15. cxd5 Nxd5 16. Nexd4 Nc5 17. Qd2 O-O-O 18. Rfc1 Kb8 19. Rc4 Rc8 20. Rac1 Ne4 21. Rxc8+ Rxc8 22. Rxc8+ Kxc8 23. Qd3 Ndc3 24. Ng5 Qxd4 25. Qxd4 Ne2+ 26. Kf1 Nxd4 27. Nxe4 Nf5 28. Ng5 Nh6 29. Ke2 Kd7 30. Kd3 Ng4 31. Nxf7 Ke7 32. f3 Kxf7 33. fxg4 Kg6 34. gxh5+ Kf5 35. Kc4 b6 36. Kb5 Kf4 37. Kc6 Kxe5 38. g4 Kf4 39. g5 1-0

[Event "EWICC 2019"]
[Site "Antalya"]
[Date "2019.04.22"]
[Round "11.34"]
[White "Tomilova, Elena"]
[Black "Janzelj, Lara"]
[Result "1-0"]
[WhiteElo "2307"]
[BlackElo "2182"]
[Annotator "NA"]
[PlyCount "35"]
[EventDate "2019.04.11"]
[EventType "swiss"]
[EventCountry "TUR"]
[SourceTitle "playchess.com"]
[Source "ChessBase"]
[SourceQuality "1"]

1. c4 c6 2. d4 d5 3. cxd5 cxd5 4. Bg5 Nc6 5. Nc3 f6 6. e4 fxg5 7. exd5 Nb8 8. Bb5+ Bd7 9. Nf3 Bxb5 10. Nxb5 Qa5+ 11. Nc3 h6 12. Ne5 Nf6 13. Qd3 Rg8 14. Qg6+ Kd8 15. O-O Nbd7 16. Rac1 Nxe5 17. dxe5 Ne8 18. Qh7 1-0

[Event "EWICC 2019"]
[Site "Antalya"]
[Date "2019.04.22"]
[Round "11.35"]
[White "Heinemann, Josefine"]
[Black "Lubbe, Melanie"]
[Result "0-1"]
[WhiteElo "2257"]
[BlackElo "2304"]
[Annotator "NA"]
[PlyCount "90"]
[EventDate "2019.04.11"]
[EventType "swiss"]
[EventCountry "TUR"]
[SourceTitle "playchess.com"]
[Source "ChessBase"]
[SourceQuality "1"]

1. e4 d6 2. d4 Nf6 3. Nc3 e5 4. Nf3 Nbd7 5. Bc4 Be7 6. a4 O-O 7. O-O exd4 8. Nxd4 Ne5 9. Ba2 Nc6 10. Nxc6 bxc6 11. h3 Rb8 12. Re1 Nd7 13. Bc4 Bf6 14. Re3 Nc5 15. Qf3 Bg5 16. Re2 Bxc1 17. Rxc1 Rxb2 18. Rd1 Be6 19. Bxe6 fxe6 20. Qe3 e5 21. Red2 Qb8 22. g3 Qb4 23. Ra1 Ne6 24. Nd1 Rb1 25. Rxb1 Qxb1 26. Qxa7 Ng5 27. Qe3 Nf3+ 28. Kg2 Nxd2 29. Qxd2 Rb8 30. Qe2 Qa2 31. Ne3 Qxa4 32. Qg4 Kh8 33. c4 c5 34. h4 Qe8 35. h5 g6 36. h6 Qf8 37. Qd7 Qxh6 38. Qxc7 Qf8 39. Ng4 Rb2 40. Kh3 h5 41. Ne3 Rxf2 42. Qd7 Re2 43. Nd5 Qf1+ 44. Kh4 Rxe4+ 45. Nf4 Rxf4+ 0-1

[Event "EWICC 2019"]
[Site "Antalya"]
[Date "2019.04.22"]
[Round "11.36"]
[White "Babiy, Olga"]
[Black "Petrova, Irina"]
[Result "1-0"]
[WhiteElo "2289"]
[BlackElo "2164"]
[Annotator "NA"]
[PlyCount "89"]
[EventDate "2019.04.11"]
[EventType "swiss"]
[EventCountry "TUR"]
[SourceTitle "playchess.com"]
[Source "ChessBase"]
[SourceQuality "1"]

1. e4 d6 2. d4 Nf6 3. Nc3 g6 4. f4 Bg7 5. Nf3 O-O 6. Bd3 Na6 7. O-O c5 8. d5 Rb8 9. a3 Nc7 10. a4 a6 11. a5 Bd7 12. Qe1 Bb5 13. Qh4 Bxd3 14. cxd3 e6 15. f5 exf5 16. Bg5 h6 17. Bxh6 Bxh6 18. Qxh6 Ng4 19. Qf4 Qf6 20. h3 Ne5 21. Nxe5 dxe5 22. Qf2 f4 23. Qxc5 Rfc8 24. Qb6 Qxb6+ 25. axb6 Ne8 26. Rac1 Nd6 27. Na4 Nb5 28. Nc5 Rd8 29. Rc4 Nd6 30. Rc3 Nb5 31. Rc2 Rd6 32. Na4 Rdd8 33. Kf2 Nd4 34. Rc7 Nb5 35. Rfc1 Kg7 36. h4 Rd6 37. Rc8 Rxc8 38. Rxc8 Rd7 39. Rb8 Re7 40. Nc5 f5 41. Nxb7 fxe4 42. dxe4 Rf7 43. Nc5 a5 44. b7 Nd6 45. Rg8+ 1-0

[Event "EWICC 2019"]
[Site "Antalya"]
[Date "2019.04.22"]
[Round "11.37"]
[White "Yildiz Kadioglu, Betul Cemre"]
[Black "Hapala, Elisabeth"]
[Result "1-0"]
[WhiteElo "2281"]
[BlackElo "2140"]
[Annotator "NA"]
[PlyCount "91"]
[EventDate "2019.04.11"]
[EventType "swiss"]
[EventCountry "TUR"]
[SourceTitle "playchess.com"]
[Source "ChessBase"]
[SourceQuality "1"]

1. d4 Nf6 2. Nf3 e6 3. c4 Bb4+ 4. Nbd2 O-O 5. e3 d5 6. a3 Be7 7. Bd3 b6 8. cxd5 exd5 9. b4 Bb7 10. Qc2 Nbd7 11. Ne5 Bd6 12. Bb2 a6 13. O-O Re8 14. f4 Nf8 15. Rfe1 Rc8 16. Nc6 Qd7 17. b5 Ra8 18. Ne5 Qe7 19. a4 axb5 20. axb5 Rxa1 21. Rxa1 Ra8 22. Rxa8 Bxa8 23. Qa4 Qe8 24. Ba3 Bxa3 25. Qxa3 Bb7 26. Qa7 Qa8 27. Qxa8 Bxa8 28. Nb1 N8d7 29. Nc3 Bb7 30. h3 Kf8 31. Na2 Nxe5 32. fxe5 Ne4 33. Bxe4 dxe4 34. Nb4 Ke7 35. d5 Bc8 36. Nc6+ Kd7 37. Kf2 f5 38. h4 g6 39. Kg3 Bb7 40. Nb4 h6 41. Kf4 Ke7 42. h5 Kf7 43. e6+ Kf6 44. hxg6 Kxg6 45. Ke5 Bc8 46. Nc6 1-0

[Event "EWICC 2019"]
[Site "Antalya"]
[Date "2019.04.22"]
[Round "11.38"]
[White "Garifullina, Leya"]
[Black "Sandu, Mihaela"]
[Result "1-0"]
[WhiteElo "2085"]
[BlackElo "2278"]
[Annotator "NA"]
[PlyCount "123"]
[EventDate "2019.04.11"]
[EventType "swiss"]
[EventCountry "TUR"]
[SourceTitle "playchess.com"]
[Source "ChessBase"]
[SourceQuality "1"]

1. e4 e5 2. Nf3 Nc6 3. Bb5 a6 4. Ba4 b5 5. Bb3 Nf6 6. O-O Be7 7. Re1 d6 8. c3 O-O 9. h3 Na5 10. Bc2 c5 11. d4 Qc7 12. Nbd2 Bb7 13. d5 Bc8 14. b3 Bd7 15. c4 g6 16. Qe2 Nh5 17. Nf1 bxc4 18. bxc4 Nf4 19. Bxf4 exf4 20. e5 Rfe8 21. exd6 Bxd6 22. Qd3 Bf8 23. N1d2 Nb7 24. Rxe8 Rxe8 25. Qa3 a5 26. Rb1 Nd6 27. Ba4 Bf5 28. Bxe8 Bxb1 29. Nxb1 Nxe8 30. Nc3 Nd6 31. Qb3 Qe7 32. Nb5 Ne4 33. Qd3 f5 34. Nd2 Qe5 35. d6 Nxd6 36. Nxd6 Bxd6 37. Qd5+ Qxd5 38. cxd5 Be5 39. Nc4 Bc3 40. a4 Kf7 41. f3 Kf6 42. Kf1 g5 43. Ke2 h5 44. Kd3 Bb4 45. Nb2 Ke5 46. Kc4 Kd6 47. Nd3 Ba3 48. h4 gxh4 49. Nxf4 Bc1 50. Ne6 Be3 51. Ng7 Ke5 52. d6 Kxd6 53. Nxf5+ Ke5 54. Nxe3 Kf4 55. Nf1 h3 56. gxh3 Kxf3 57. Kb5 c4 58. Kxa5 c3 59. Kb4 c2 60. Nd2+ Kg2 61. Nb3 Kxh3 62. a5 1-0

[Event "EWICC 2019"]
[Site "Antalya"]
[Date "2019.04.22"]
[Round "11.39"]
[White "Styazhkina, Anna"]
[Black "Soyunlu, Narmin"]
[Result "1-0"]
[WhiteElo "2274"]
[BlackElo "2064"]
[Annotator "NA"]
[PlyCount "113"]
[EventDate "2019.04.11"]
[EventType "swiss"]
[EventCountry "TUR"]
[SourceTitle "playchess.com"]
[Source "ChessBase"]
[SourceQuality "1"]

1. e4 e5 2. Nf3 Nc6 3. Bb5 a6 4. Ba4 Nf6 5. d3 b5 6. Bb3 Be7 7. a4 Rb8 8. axb5 axb5 9. Nc3 d6 10. Nd5 Nxd5 11. exd5 Nd4 12. Nxd4 exd4 13. O-O O-O 14. f4 Bd7 15. f5 Bf6 16. Qf3 Re8 17. g4 Bg5 18. Bf4 h6 19. Rae1 Bh4 20. Re4 Qf6 21. Kg2 Rec8 22. Ra1 Ra8 23. Rxa8 Rxa8 24. Re6 Qd8 25. Re4 Bf6 26. Re1 Ra6 27. h3 Qa8 28. Qg3 Qd8 29. Qf3 Bh4 30. Re2 Ra1 31. c3 dxc3 32. bxc3 Qa8 33. d4 Ra3 34. Bc2 b4 35. f6 Bxf6 36. Qe4 g6 37. cxb4 Kg7 38. Bc1 Rc3 39. Rf2 Rc4 40. Bxh6+ Kxh6 41. Rxf6 Qe8 42. Qd3 Rxb4 43. Rf2 Rb8 44. Qf3 Rb2 45. Re2 Qf8 46. Qf6 Rb8 47. g5+ Kh7 48. Bxg6+ Kg8 49. Re7 Be8 50. Bf5 c6 51. g6 Qg7 52. Qxg7+ Kxg7 53. gxf7 Bxf7 54. dxc6 Kf6 55. Rxf7+ Kxf7 56. c7 Rg8+ 57. Kf3 1-0

[Event "EWICC 2019"]
[Site "Antalya"]
[Date "2019.04.22"]
[Round "11.40"]
[White "Rodshtein, Tereza"]
[Black "Buksa, Nataliya"]
[Result "0-1"]
[WhiteElo "2234"]
[BlackElo "2407"]
[Annotator "TA"]
[PlyCount "122"]
[EventDate "2019.04.11"]
[EventType "swiss"]
[EventCountry "TUR"]
[SourceTitle "playchess.com"]
[Source "ChessBase"]
[SourceQuality "1"]

1. d4 Nf6 2. Bf4 d5 3. e3 e6 4. Nd2 Bd6 5. Bg3 c5 6. c3 Qc7 7. Ngf3 Nbd7 8. Bd3 b6 9. O-O Bb7 10. Re1 O-O 11. Qc2 c4 12. Bf1 b5 13. b3 h6 14. Rab1 Bxg3 15. hxg3 Bc6 16. Nh4 Ne4 17. Nhf3 f5 18. Be2 Rf7 19. Nf1 g5 20. N3d2 Nef6 21. f3 Rc8 22. bxc4 bxc4 23. e4 dxe4 24. fxe4 Bxe4 25. Nxe4 Nxe4 26. Ne3 Nb6 27. Ng4 Qxg3 28. Nxh6+ Kf8 29. Nxf7 Qf2+ 30. Kh2 Rc7 31. Rf1 Qg3+ 32. Kg1 Qe3+ 33. Kh2 Rxf7 34. Bh5 Rh7 35. Qd1 Nxc3 36. Qg4 Nxb1 37. Rf3 Qc1 38. Rxf5+ exf5 39. Qxf5+ Ke7 40. Qxh7+ Kd6 41. Qh6+ Kc7 42. Qg7+ Nd7 43. Bg4 Qf4+ 44. Kh3 Qd6 45. Qxg5 Qxd4 46. Qa5+ Qb6 47. Qf5 Qh6+ 48. Kg3 Qd6+ 49. Kf2 Qc5+ 50. Qxc5+ Nxc5 51. Ke3 c3 52. Bf5 Na3 53. Kd4 Na4 54. Kd3 Kd6 55. g4 Ke5 56. Bg6 Kf4 57. Be8 c2 58. Kd2 Nc3 59. Bg6 Nxa2 60. Bxc2 Nxc2 61. Kxc2 Nb4+ 0-1

[Event "EWICC 2019"]
[Site "Antalya"]
[Date "2019.04.22"]
[Round "11.41"]
[White "Toma, Katarzyna"]
[Black "Osmak, Iulija"]
[Result "0-1"]
[WhiteElo "2211"]
[BlackElo "2399"]
[Annotator "TA"]
[PlyCount "128"]
[EventDate "2019.04.11"]
[EventType "swiss"]
[EventCountry "TUR"]
[SourceTitle "playchess.com"]
[Source "ChessBase"]
[SourceQuality "1"]

1. e4 e6 2. d4 d5 3. Nc3 Bb4 4. e5 Ne7 5. a3 Bxc3+ 6. bxc3 c5 7. h4 b6 8. h5 h6 9. Qg4 Kf8 10. Rh3 Qc7 11. Rb1 Ba6 12. Rf3 cxd4 13. Bxa6 Nxa6 14. cxd4 Qxc2 15. Ne2 Kg8 16. Rb2 Qc6 17. Rg3 Nf5 18. Rc3 Qa4 19. Qf4 Rf8 20. g4 Ne7 21. Qg3 Nb8 22. f4 Nbc6 23. f5 exf5 24. g5 hxg5 25. Qxg5 f6 26. exf6 Rxf6 27. Rg3 Rf7 28. Bf4 Kf8 29. Rd2 Ke8 30. Re3 Kd7 31. Be5 Rg8 32. Nf4 Qc4 33. Kf2 Nd8 34. Rde2 Qc6 35. Ng6 Nxg6 36. hxg6 Re7 37. Qxf5+ Ne6 38. Kg2 Rf8 39. Qg4 Qc1 40. Re1 Qc2+ 41. R3e2 Qf5 42. Kg3 Qxg4+ 43. Kxg4 Rfe8 44. Re3 Nd8 45. Kf4 Rf8+ 46. Kg4 Nc6 47. Bf4 Rxe3 48. Rxe3 Rf6 49. Bg5 Rxg6 50. Rf3 Nxd4 51. Rf7+ Kc6 52. Kh5 Re6 53. Rxa7 g6+ 54. Kg4 Nb5 55. Ra8 Re4+ 56. Kg3 Nd6 57. Kf3 Nf7 58. Bd2 Ne5+ 59. Kf2 Kb5 60. Rc8 d4 61. Bb4 Nd3+ 62. Kf3 Re3+ 63. Kg2 Nxb4 64. axb4 Re6 0-1

[Event "EWICC 2019"]
[Site "Antalya"]
[Date "2019.04.22"]
[Round "11.42"]
[White "Solozhenkina, Elizaveta"]
[Black "Aghasiyeva, Fidan"]
[Result "1-0"]
[WhiteElo "2330"]
[BlackElo "2209"]
[Annotator "NA"]
[PlyCount "81"]
[EventDate "2019.04.11"]
[EventType "swiss"]
[EventCountry "TUR"]
[SourceTitle "playchess.com"]
[Source "ChessBase"]
[SourceQuality "1"]

1. e4 c6 2. d4 d5 3. Nc3 dxe4 4. Nxe4 Nf6 5. Nxf6+ gxf6 6. Nf3 Bg4 7. Be2 Qc7 8. Qd3 Nd7 9. Be3 e6 10. Qb3 Bd6 11. h3 Bh5 12. g4 Bg6 13. Nd2 Bf4 14. Bxf4 Qxf4 15. Qxb7 O-O 16. Qxd7 Rfd8 17. Qxc6 Rac8 18. Qf3 Qxd4 19. Nb3 Qxb2 20. O-O Rxc2 21. Rad1 Rxd1 22. Bxd1 Rc8 23. Qe2 Qc3 24. Qe3 Qb4 25. Qd4 Qe7 26. Re1 Rd8 27. Qc5 Qb7 28. Be2 Be4 29. Qe3 Qb4 30. Rc1 Bd5 31. Bf3 Kg7 32. Rd1 a5 33. Bxd5 a4 34. Nd4 Rxd5 35. Nf5+ Kf8 36. Rxd5 exd5 37. a3 Qb1+ 38. Kg2 Qb8 39. Qe7+ Kg8 40. Nh6+ Kg7 41. Qxf7+ 1-0

[Event "EWICC 2019"]
[Site "Antalya"]
[Date "2019.04.22"]
[Round "11.43"]
[White "Motycakova, Monika"]
[Black "Beydullayeva, Govhar"]
[Result "0-1"]
[WhiteElo "2174"]
[BlackElo "2316"]
[Annotator "ChessBase"]
[PlyCount "66"]
[EventDate "2019.04.11"]
[EventType "swiss"]
[EventCountry "TUR"]
[SourceTitle "playchess.com"]
[Source "ChessBase"]
[SourceQuality "1"]

1. e4 c5 2. Nf3 d6 3. d4 cxd4 4. Nxd4 Nf6 5. Nc3 a6 6. Be2 e5 7. Nb3 Be7 8. O-O O-O 9. Qd3 Nc6 10. a3 b5 11. Nd5 Nxd5 12. exd5 Nb8 13. Bd2 f5 14. a4 bxa4 15. Rxa4 Nd7 16. f4 e4 17. Qe3 Bf6 18. Bc3 Bxc3 19. Qxc3 Nb6 20. Ra5 Bb7 21. Qd4 Qc7 22. c3 Rfe8 23. Rfa1 Kh8 24. Kf1 e3 25. Bd3 e2+ 26. Bxe2 Re4 27. Qf2 Nxd5 28. R5a4 Rae8 29. Bf3 Rxa4 30. Rxa4 Qd7 31. Ra5 Nxf4 32. Bxb7 Nd3 33. Bf3 Qe6 0-1

[Event "EWICC 2019"]
[Site "Antalya"]
[Date "2019.04.22"]
[Round "11.44"]
[White "Trippold, Denise"]
[Black "Osmanodja, Filiz"]
[Result "1-0"]
[WhiteElo "2158"]
[BlackElo "2292"]
[Annotator "NA"]
[PlyCount "163"]
[EventDate "2019.04.11"]
[EventType "swiss"]
[EventCountry "TUR"]
[SourceTitle "playchess.com"]
[Source "ChessBase"]
[SourceQuality "1"]

1. d4 Nf6 2. c4 e6 3. g3 c5 4. d5 exd5 5. cxd5 d6 6. Nc3 g6 7. Bg2 Bg7 8. Nf3 O-O 9. O-O Re8 10. Bf4 Ne4 11. Nxe4 Rxe4 12. Nd2 Rxf4 13. gxf4 Bxb2 14. Rb1 Bg7 15. Qb3 Nd7 16. Rfe1 Bh6 17. e3 Nf6 18. Nc4 Nh5 19. Bf3 Ng7 20. Qa3 Nf5 21. Nb6 Nh4 22. Bh1 Rb8 23. Nxc8 Qxc8 24. Qxa7 b5 25. Be4 Bf8 26. Rb2 Qg4+ 27. Kf1 Re8 28. Bh1 g5 29. fxg5 Bg7 30. Rc2 Bd4 31. Rce2 Qh3+ 32. Kg1 Qg4+ 33. Kf1 Qh3+ 34. Kg1 Re5 35. Qb8+ Kg7 36. Qd8 Qg4+ 37. Kf1 Qh3+ 38. Kg1 Qg4+ 39. Kf1 Rxg5 40. Rc2 Be5 41. f4 Rf5 42. Rf2 Rf6 43. Be4 Bc3 44. Rc1 b4 45. Qe7 h5 46. Bd3 c4 47. Be4 b3 48. axb3 cxb3 49. Qc7 b2 50. Rb1 Bb4 51. Qc4 Bc5 52. Qc3 Qh3+ 53. Ke2 Kf8 54. Rxb2 Qg4+ 55. Kd2 Rh6 56. Rb8+ Ke7 57. Qa5 Qd7 58. Qa6 Qh3 59. Qb7+ Kf6 60. Qb2+ Ke7 61. Rb7+ Kf8 62. Rb8+ Ke7 63. Re2 Nf5 64. Qb7+ Kf6 65. Bxf5 Qxf5 66. Re8 Kg7 67. Qb2+ Rf6 68. Rg2+ Kh7 69. Qb3 Bb4+ 70. Kc1 Bc5 71. Kb2 Rg6 72. Rxg6 Qxg6 73. Qc2 f5 74. Re7+ Kg8 75. Ka2 Kf8 76. Rb7 Qf6 77. Qa4 Qd8 78. Qb5 Qa8+ 79. Kb1 Ba7 80. Qd7 Qxb7+ 81. Qxb7 Bxe3 82. Qc8+ 1-0

[Event "EWICC 2019"]
[Site "Antalya"]
[Date "2019.04.22"]
[Round "11.46"]
[White "Kocyigit, Buse Naz"]
[Black "Mamedjarova, Zeinab"]
[Result "1-0"]
[WhiteElo "1932"]
[BlackElo "2280"]
[Annotator "NA"]
[PlyCount "48"]
[EventDate "2019.04.11"]
[EventType "swiss"]
[EventCountry "TUR"]
[SourceTitle "playchess.com"]
[Source "ChessBase"]
[SourceQuality "1"]

1. e4 d5 2. exd5 Qxd5 3. Nc3 Qd8 4. d4 Nf6 5. Nf3 e6 6. Bc4 Be7 7. O-O Nd5 8. Ne4 O-O 9. c3 b6 10. Bd3 Bb7 11. Qe2 Re8 12. Ne5 g6 13. f4 a6 14. Ng5 Rf8 15. Nxh7 Kxh7 16. Nxg6 Kg7 17. Nxf8 Kxf8 18. f5 exf5 19. Qh5 Bf6 20. Bh6+ Ke8 21. Rae1+ Ne7 22. Rxf5 Qd6 23. Rxf6 Qxf6 24. Bg5 Bc8 1-0

[Event "EWICC 2019"]
[Site "Antalya"]
[Date "2019.04.22"]
[Round "11.47"]
[White "Sargsyan, Anna M."]
[Black "Olde, Margareth"]
[Result "0-1"]
[WhiteElo "2327"]
[BlackElo "2088"]
[Annotator "NA"]
[PlyCount "68"]
[EventDate "2019.04.11"]
[EventType "swiss"]
[EventCountry "TUR"]
[SourceTitle "playchess.com"]
[Source "ChessBase"]
[SourceQuality "1"]

1. d4 Nf6 2. c4 e6 3. Nf3 b6 4. g3 Bb7 5. Bg2 Be7 6. O-O O-O 7. d5 exd5 8. Nd4 Bc6 9. cxd5 Bxd5 10. Bxd5 Nxd5 11. e4 Nb4 12. Nc3 N8c6 13. Nf5 Bf6 14. f4 Ne7 15. Nxe7+ Bxe7 16. a3 Nc6 17. b4 a5 18. b5 Bc5+ 19. Kg2 Nd4 20. f5 c6 21. a4 d5 22. exd5 cxb5 23. axb5 Qf6 24. Rb1 Nxf5 25. Ne4 Qg6 26. Qd3 Bb4 27. Bf4 Rfe8 28. Kg1 Nxg3 29. Bxg3 Qxe4 30. Qxe4 Rxe4 31. d6 Rd8 32. Rfd1 Re6 33. d7 Re7 34. Rbc1 Rexd7 0-1

[Event "EWICC 2019"]
[Site "Antalya"]
[Date "2019.04.22"]
[Round "11.48"]
[White "Injac, Teodora"]
[Black "Duran, Esma Doga"]
[Result "1/2-1/2"]
[WhiteElo "2310"]
[BlackElo "2131"]
[Annotator "NA"]
[PlyCount "83"]
[EventDate "2019.04.11"]
[EventType "swiss"]
[EventCountry "TUR"]
[SourceTitle "playchess.com"]
[Source "ChessBase"]
[SourceQuality "1"]

1. d4 Nf6 2. Nf3 e6 3. c4 b6 4. g3 Bb7 5. Bg2 Be7 6. O-O c6 7. Nbd2 d5 8. Qc2 Nbd7 9. e4 dxe4 10. Nxe4 Nxe4 11. Qxe4 Nf6 12. Qe2 c5 13. dxc5 Bxc5 14. Rd1 Qe7 15. Bg5 O-O 16. Ne5 Bxg2 17. Kxg2 Qb7+ 18. Qf3 Qxf3+ 19. Kxf3 Rfc8 20. b3 Rc7 21. Rd3 Kf8 22. Rad1 Ke8 23. h4 Be7 24. Be3 h5 25. Bf4 Rcc8 26. Bg5 Ng8 27. Bxe7 Nxe7 28. Ke2 f6 29. Nf3 e5 30. Nd2 Rd8 31. Ne4 Nf5 32. Rxd8+ Rxd8 33. Rxd8+ Kxd8 34. Kd3 Kd7 35. Nc3 Kc6 36. Ne2 Kc5 37. a3 a5 38. Nc3 Nd6 39. Na4+ Kc6 40. Nc3 Kc5 41. Na4+ Kc6 42. Nc3 1/2-1/2

[Event "EWICC 2019"]
[Site "Antalya"]
[Date "2019.04.22"]
[Round "11.49"]
[White "Rakhmangulova, Anastasiya"]
[Black "Gokbulut, Julia"]
[Result "1-0"]
[WhiteElo "2255"]
[BlackElo "2021"]
[Annotator "ChessBase"]
[PlyCount "91"]
[EventDate "2019.04.11"]
[EventType "swiss"]
[EventCountry "TUR"]
[SourceTitle "playchess.com"]
[Source "ChessBase"]
[SourceQuality "1"]

1. e4 e6 2. d3 d5 3. Nd2 c5 4. Ngf3 Nc6 5. g3 Nf6 6. Bg2 Be7 7. O-O O-O 8. e5 Nd7 9. Re1 Qc7 10. Qe2 b5 11. Nf1 a5 12. h4 Re8 13. h5 h6 14. Bf4 Qd8 15. Ne3 Nd4 16. Nxd4 cxd4 17. Ng4 Bg5 18. Bxg5 Qxg5 19. f4 Qxh5 20. Kf2 Qg6 21. Rh1 Kf8 22. Rh4 Ke7 23. Rah1 Rh8 24. Nh2 Bb7 25. Nf3 f6 26. Bh3 fxe5 27. Nxe5 Qf6 28. Ng4 Qf7 29. Re1 Rac8 30. Nxh6 Rxh6 31. Rxh6 gxh6 32. Bxe6 Qf6 33. Bxd5+ Kd6 34. Bxb7 Rc5 35. Bf3 Kc7 36. Qd2 b4 37. Kg2 Qf7 38. Ra1 h5 39. a3 b3 40. Rc1 bxc2 41. Rxc2 Rxc2 42. Qxc2+ Kd8 43. Qa4 h4 44. Qxa5+ Ke7 45. Qg5+ Kd6 46. Qxh4 1-0

[Event "EWICC 2019"]
[Site "Antalya"]
[Date "2019.04.22"]
[Round "11.51"]
[White "Radeva, Viktoria"]
[Black "Narva, Triin"]
[Result "1-0"]
[WhiteElo "2192"]
[BlackElo "2129"]
[Annotator "ChessBase"]
[PlyCount "95"]
[EventDate "2019.04.11"]
[EventType "swiss"]
[EventCountry "TUR"]
[SourceTitle "playchess.com"]
[Source "ChessBase"]
[SourceQuality "1"]

1. Nf3 c5 2. c4 Nc6 3. Nc3 g6 4. e3 Nf6 5. d4 cxd4 6. exd4 d5 7. c5 Bg7 8. Bb5 Ne4 9. O-O O-O 10. h3 Qa5 11. Bxc6 bxc6 12. Re1 Rd8 13. Bf4 Qb4 14. Na4 Ba6 15. a3 Qb7 16. Ne5 f6 17. Nf3 Bc4 18. b4 Re8 19. Qc2 e5 20. Bh2 exd4 21. Nxd4 f5 22. Rad1 Rad8 23. f3 Bxd4+ 24. Rxd4 Ng5 25. Rdd1 Qg7 26. Bf4 Nf7 27. Bc1 Ba6 28. Bb2 Qf8 29. Qd2 Bb5 30. Nc3 Bc4 31. Qd4 Bb3 32. Rc1 Rxe1+ 33. Rxe1 Qh6 34. Re7 Qg7 35. Ne2 Qxd4+ 36. Nxd4 Bc4 37. Nxc6 Rc8 38. Nxa7 Ra8 39. b5 Kf8 40. Rc7 h5 41. b6 Nd8 42. c6 Rb8 43. Bd4 Ne6 44. Rh7 Nd8 45. c7 Ra8 46. Rh8+ Ke7 47. Rxd8 Rxd8 48. Nc6+ 1-0

[Event "EWICC 2019"]
[Site "Antalya"]
[Date "2019.04.22"]
[Round "11.52"]
[White "Ferkova, Dominika"]
[Black "Zubova, Mariya"]
[Result "0-1"]
[WhiteElo "1993"]
[BlackElo "2149"]
[Annotator "NA"]
[PlyCount "84"]
[EventDate "2019.04.11"]
[EventType "swiss"]
[EventCountry "TUR"]
[SourceTitle "playchess.com"]
[Source "ChessBase"]
[SourceQuality "1"]

1. d4 Nf6 2. c4 g6 3. Nc3 d5 4. cxd5 Nxd5 5. e4 Nxc3 6. bxc3 Bg7 7. Bc4 c5 8. Ne2 Nc6 9. Be3 Qa5 10. O-O O-O 11. Rc1 e6 12. Qb3 Qc7 13. Qa3 Na5 14. Bd3 c4 15. Bc2 Bd7 16. Rfd1 b6 17. Bf4 Qb7 18. d5 Rad8 19. Bd6 Rfe8 20. Bb4 exd5 21. Bxa5 bxa5 22. Rxd5 Bc6 23. Rxd8 Rxd8 24. Ng3 a4 25. Rb1 Qc7 26. Nf1 Qe5 27. Qc1 Qxc3 28. Qg5 Bf6 29. Qf4 Qe5 30. Qe3 a6 31. Qb6 Bb5 32. Qa5 Qc3 33. Qxc3 Bxc3 34. g3 a3 35. Ne3 Rd2 36. Rd1 Rxd1+ 37. Nxd1 Bd4 38. Kg2 c3 39. Kf3 Bc4 40. Bb1 Bxa2 41. Nxc3 Bxb1 42. Nxb1 a2 0-1

[Event "EWICC 2019"]
[Site "Antalya"]
[Date "2019.04.22"]
[Round "11.53"]
[White "Teuschler, Barbara"]
[Black "Hereklioglu, Sude"]
[Result "1-0"]
[WhiteElo "2180"]
[BlackElo "1948"]
[Annotator "NA"]
[PlyCount "107"]
[EventDate "2019.04.11"]
[EventType "swiss"]
[EventCountry "TUR"]
[SourceTitle "playchess.com"]
[Source "ChessBase"]
[SourceQuality "1"]

1. d4 Nf6 2. Bf4 e6 3. e3 d5 4. c3 Bd6 5. Bg3 c5 6. Bb5+ Nc6 7. Nd2 a6 8. Bxc6+ bxc6 9. Qa4 Bb7 10. Qa3 Bxg3 11. hxg3 c4 12. Ngf3 Nd7 13. b3 cxb3 14. Qxb3 Rb8 15. Qc2 h6 16. g4 c5 17. g5 Qc7 18. gxh6 gxh6 19. Rh5 cxd4 20. exd4 Nf6 21. Rh4 Ke7 22. Ne5 Rbg8 23. g3 Ne4 24. Nxe4 dxe4 25. Qd2 h5 26. Rb1 f6 27. Nc4 Rg4 28. Qb2 Ba8 29. Qb4+ Kf7 30. Rxg4 hxg4 31. Ke2 Kg7 32. Ne3 f5 33. c4 Rf8 34. Qb6 Qf7 35. Ng2 e5 36. Qc5 f4 37. Qxe5+ Kg8 38. Qg5+ Qg7 39. Qxg7+ Kxg7 40. Nxf4 Rc8 41. c5 a5 42. Rb6 a4 43. Ke3 Kf7 44. Ra6 Bc6 45. d5 Bb5 46. Ra7+ Kf6 47. Kd4 Be8 48. c6 Kf5 49. Kc5 e3 50. fxe3 Ke4 51. Re7+ Kf3 52. Rxe8 Rxe8 53. d6 Kxg3 54. d7 1-0